Jaddid ḥayātak (Record no. 46376)

MARC details
000 -LEADER
fixed length control field 00668cam a22002291i 4500
001 - CONTROL NUMBER
control field ne 63002251
003 - CONTROL NUMBER IDENTIFIER
control field DLC
005 - DATE AND TIME OF LATEST TRANSACTION
control field 20260227111751.0
008 - FIXED-LENGTH DATA ELEMENTS--GENERAL INFORMATION
fixed length control field 891012s1963 ua 000 0 ararc
010 ## - LIBRARY OF CONGRESS CONTROL NUMBER
LC control number ne 63002251
025 ## - OVERSEAS ACQUISITION NUMBER
Overseas acquisition number PL480:UAR-3318
035 ## - SYSTEM CONTROL NUMBER
System control number (OCoLC)20482053
040 ## - CATALOGING SOURCE
Original cataloging agency Princeton Univ. Libr. for LC
Transcribing agency WaU
Modifying agency WaU
-- DLC
042 ## - AUTHENTICATION CODE
Authentication code premarc
050 00 - LIBRARY OF CONGRESS CALL NUMBER
Classification number BJ1588.A7
Item number G5
100 1# - MAIN ENTRY--PERSONAL NAME
Personal name Ghazzālī, Muḥammad.
245 10 - TITLE STATEMENT
Title Jaddid ḥayātak
Statement of responsibility, etc. [taʼlīf] Muḥammad al-Ghazzālī.
250 ## - EDITION STATEMENT
Edition statement [alṬabʻah al-thāniyah.]
260 ## - PUBLICATION, DISTRIBUTION, ETC.
Place of publication, distribution, etc. [al-Qāhirah]
Name of publisher, distributor, etc. Muʻassasat al-Khānjī
Date of publication, distribution, etc. [1963.]
300 ## - PHYSICAL DESCRIPTION
Extent 254 p.
Dimensions 22 cm.
650 #0 - SUBJECT ADDED ENTRY--TOPICAL TERM
Topical term or geographic name entry element Conduct of life.

No items available.

Powered by Koha